[Event "Pula zt 1.2"]
[Site "Pula"]
[Date "2000.04.16"]
[Round "6"]
[White "Slobodjan, Roman"]
[Black "Avrukh, Boris"]
[Result "0-1"]
[WhiteElo "2561"]
[BlackElo "2620"]
[Annotator "Krasenkow,M"]
[PlyCount "52"]
[EventDate "2000.04.11"]
[EventType "swiss"]
[EventRounds "11"]
[EventCountry "CRO"]
[SourceTitle "CBM 077"]
[Source "ChessBase"]
[SourceDate "2000.07.27"]
[SourceVersion "1"]
[SourceVersionDate "2000.07.27"]
[SourceQuality "1"]

1. d4 Nf6 2. c4 g6 3. Nc3 d5 4. cxd5 Nxd5 5. e4 Nxc3 6. bxc3 Bg7 7. Nf3 c5 8.
Rb1 O-O 9. Be2 Nc6 10. d5 Ne5 11. Nxe5 Bxe5 12. Qd2 e6 13. f4 Bc7 14. O-O exd5
15. exd5 Ba5 16. d6 b6 17. Bb2 $6 {An unsuccessful attempt to improve White's
play comparing to the game Khalifman-Mikhalevsky.} (17. Bf3 Bf5 18. Bxa8 Bxb1
19. Bc6 Bf5 20. Re1 Qf6 21. Bb2 Rd8 22. Re8+ Rxe8 23. Bxe8 a6 24. a4 Qd4+ $1
25. Qxd4 cxd4 26. d7 b5 27. cxd4 b4 $11 {1-0 Khalifman,A-Mikhalevski,V/Beer
Sheva-Peterburg Kings m 1999 (44) - CBM72}) 17... Bf5 18. Rbd1 Qf6 19. g4 (19.
c4 $2 Qe6) (19. Bf3 $1 Rae8 20. c4 $1 {, opening up the b2 bishop, was
probably the right way to play.}) 19... Bd7 20. f5 $2 (20. Bf3 {was a must,
although Black could now try} c4 $5 (20... Rae8 21. c4 $1) 21. Bxa8 Rxa8 {
[%cal Yb6b5,Ya5b6]}) 20... Rae8 {Black has successfully developed his pieces
while the white b2 bishop is out of play.} 21. fxg6 Qxg6 22. Rf2 b5 {[%cal
Yc5c4,Ya5b6]} 23. Bd3 Qg7 24. Bf1 $6 (24. c4 {was not enough to save the game,
either:} Qxg4+ (24... Bxd2 25. Bxg7 Kxg7 26. Rdxd2 b4 $11) 25. Rg2 Bxd2 26.
Rdxd2 (26. Rxg4+ $142 Bxg4 27. Rxd2 Re1+ $1 28. Kf2 Re6 $1 29. Kg3 (29. cxb5
Rd8) 29... Rd8 $1 (29... h5 30. h3 Re3+ 31. Kf4 $44) 30. Kxg4 Rexd6 $19) 26...
Re1+ 27. Kf2 (27. Bf1 Qg6) 27... Qxg2+ 28. Kxg2 bxc4 29. Bxc4 Rfe8 {and White
has no sufficient compensation for the exchange.}) 24... c4 25. Kh1 Bb6 26. Re2
Rxe2 (26... Rxe2 27. Qxe2 Bxg4 $19) 0-1

[Event "Petrov Memorial op"]
[Site "St Petersburg"]
[Date "2000.02.09"]
[Round "3"]
[White "Moiseenko, Alexander"]
[Black "Yandemirov, Valeri"]
[Result "1/2-1/2"]
[WhiteElo "2573"]
[BlackElo "2472"]
[Annotator "Krasenkow,M"]
[PlyCount "53"]
[EventDate "2000.02.05"]
[EventType "swiss"]
[EventRounds "9"]
[EventCountry "RUS"]
[SourceTitle "CBM 076"]
[Source "ChessBase"]
[SourceDate "2000.05.31"]
[SourceVersion "1"]
[SourceVersionDate "2000.05.31"]
[SourceQuality "1"]

1. d4 Nf6 2. c4 g6 3. Nc3 d5 4. cxd5 Nxd5 5. e4 Nxc3 6. bxc3 Bg7 7. Nf3 c5 8.
Rb1 O-O 9. Be2 b6 {This old line is out of fashion now but in fact, it is
quite safe for Black. He hardly risks more than getting a slightly inferior
position.} 10. O-O Bb7 11. Qd3 Ba6 12. Qe3 Qc8 (12... cxd4 {and}) (12... Qd7 {
are the other options.}) 13. d5 $1 {The most principled approach. White
sacrifices a pawn to push his central pawn forward. The other moves are quite
harmless:} (13. Rd1 Bxe2 14. Qxe2 Qa6 15. Kf1 cxd4 $5 (15... Rc8 $6 16. dxc5 {
[%cal Gd1d8]} Bxc3 17. Be3 Qxe2+ 18. Kxe2 Nc6 19. Rdc1 Ba5 20. Nd2 Rab8 21. a4
bxc5 22. Rxb8 Nxb8 23. Rxc5 Rxc5 24. Bxc5 Nc6 25. Nb3 $14 {Stangl,M-Brunner,L/
Altensteig 1992/1-0 (57)}) 16. cxd4 Rc8 $13 {Mikhalchishin,A}) (13. Rb3 Bxe2
14. Qxe2 Qa6 15. Qxa6 Nxa6 16. Bf4 cxd4 17. cxd4 Rfc8 18. Rfb1 Nc7 19. d5 Na6
$11 20. Ne5 Bxe5 21. Bxe5 Rc2 22. Ra3 Nb4 $1 23. Kf1 Rxa2 24. Rxa2 Nxa2 {
Wieczorek,Z-Malisauskas,V/Warsaw op 1993/1/2-1/2 (48)}) (13. a4 Nc6 14. dxc5
Bxe2 15. Qxe2 bxc5 16. Ba3 Bxc3 17. Bxc5 Qe6 18. Rfc1 Bf6 19. Qc4 Qxc4 20. Rxc4
Rab8 21. Rxb8 Rxb8 22. g3 Na5 23. Rc2 Rc8 24. Ne1 {1/2-1/2 Polovodin,I-Kudrin,
S/USA-op Los Angeles 1991}) (13. e5 Qf5 14. Rb2 Bxe2 15. Rxe2 Rd8 16. dxc5 Nd7
17. Nd4 Qxe5 18. Nc6 Qxe3 19. Rxe3 Re8 20. cxb6 axb6 21. Nxe7+ Kf8 {1/2-1/2
Kiriakov,P-Tseshkovsky,V/RUS-ch Elista 1994}) (13. Re1 Bxe2 14. Qxe2 Qa6 15.
dxc5 Bxc3 16. Qxa6 Nxa6 17. Re3 Bb4 18. cxb6 axb6 $11 19. Ba3 $6 Bxa3 20. Rxa3
Nc5 21. Re3 Rxa2 22. Rxb6 Ra1+ 23. Ne1 Rd8 {0-1 Mueller,L-Licina,A/Bern op
1994 (29)}) (13. Bxa6 Qxa6 14. dxc5 Nd7 15. cxb6 Nxb6 16. Qg5 Qxa2 17. Be3 Nc4
18. Ra1 Qc2 19. Bxa7 Qxe4 20. Rae1 Qc6 21. Qxe7 Rfe8 22. Qc5 {1/2-1/2
Valenzuela,L-Ruck,R/WchJM-U18 Guarapuava 1995}) (13. Bd2 e6 14. Ne5 $6 Bxe2 15.
Qxe2 Nc6 16. Nxc6 Qxc6 17. Qe3 cxd4 18. cxd4 Qa4 $17 19. Rb4 Qxa2 20. Bc3 Qa6
21. d5 Bxc3 22. Qxc3 exd5 23. exd5 Rfd8 24. Qe5 Qa5 25. Rd4 Qc5 26. h4 Re8 27.
Qf4 Rad8 {Zimmerman,Y-Ruck,R/Balatonbereny op 1994/0-1 (44)}) 13... e6 {
Black starts a counter-attack in the centre rejecting the pawn sacrifice.} (
13... c4 {[%csl Ra6]} 14. Ba3 Re8 15. Nd4 e6 16. dxe6 fxe6 17. e5 Nd7 18. f4
Bf8 19. Bxf8 Nxf8 20. h4 Qc7 21. h5 $16 {Muse,M-Kindl,P/GER-ch 1993/1/2-1/2 
(55)}) (13... Bxe2 14. Qxe2 Bxc3 (14... c4 {[%csl Rc4]} 15. Rb4 (15. Ba3 Re8
16. e5 e6 17. d6 Nd7 18. h4 {1/2-1/2 Brglez,R-Licina,A/Ptuj-B 1993}) (15. Nd4
e6 16. dxe6 fxe6 17. Rb4 Na6 18. Rxc4 Qd7 19. a4 Rfd8 20. Bg5 Rdc8 21. Rxc8+
Qxc8 22. Qa2 Nc5 23. f4 $2 (23. f3 $14) 23... Bxd4+ 24. cxd4 Nxe4 {Chloupek,
S-Pares Vives,J/Prague T10 1990/1/2-1/2 (41)}) 15... Nd7 16. Rxc4 Qa6 17. Re1
Nc5 18. Bg5 Rfe8 19. e5 Rad8 20. Rd4 Qxe2 21. Rxe2 {Whitehead,J-Fernandez
Garcia,J/New York op 1987/1/2-1/2 (41) and Black has no sufficient
compensation for the missing pawn}) 15. e5 {[%csl Rc3]} Na6 $5 (15... Qf5 16.
Rb3 Ba5 17. Nh4 Qd7 18. Bh6 Qxd5 19. Bxf8 Kxf8 20. Rd3 Qb7 21. Rd8+ Kg7 22.
Nf5+ $1 gxf5 23. Qe3 Qc6 24. Qg5+ Qg6 25. Qxe7 {1-0 Khalifman,A-Lau,R/EUCup f
Rotterdam 1988}) (15... Rd8 16. Bg5 (16. Qc4 Qf5 17. Bb2 Bxb2 18. Rxb2 Nd7 19.
Re2 Nf8 20. Rd1 Rac8 21. a4 Ne6 22. Rde1 Nf4 23. Rd2 Qg4 24. Qf1 Rxd5 {0-1 Myc,
M-Malisauskas,V/Warsaw op 1993 (33)}) 16... Qf5 17. Rb3 $1 Bxe5 $2 (17... Bd4
$5 18. Nxd4 cxd4 19. f4 $1 Rxd5 20. Qf3 Qe6 21. Bxe7 Nd7 $5 {Sokolin,L}) 18.
Nxe5 Qxg5 19. Rg3 $1 $16 Qh6 $2 20. d6 $1 Qg7 21. dxe7 Re8 22. Qe4 Na6 23. Rf3
Nc7 24. Rxf7 Qh6 25. f4 b5 26. Qc6 Rac8 27. Qf6 Nd5 28. Qe6 {1-0 Sokolin,
L-Kudrin,S/USA 1996}) 16. Bh6 (16. Bg5 $5) 16... Rd8 17. Rbc1 Ba5 18. Rfd1 Nc7
19. d6 Ne6 20. Ng5 exd6 21. exd6 Nxg5 22. Bxg5 Re8 23. Qb2 Qd7 24. h4 Re6 25.
Be7 h5 26. Qb3 Rc8 27. Qd5 c4 28. Rd4 b5 29. Qg5 Bb6 30. Rf4 {Belotti,B-Honfi,
K/Budapest Noviki-C 1987/0-1 (60)}) 14. c4 (14. Bxa6 {activating the black
queen is less logical:} Qxa6 15. dxe6 Qxa2 16. exf7+ Rxf7 17. Rb2 Qc4 18. Ng5
Re7 $5 (18... Bh6 19. Qe2 Qxe2 20. Rxe2 Re7 $13 {Shulman,Y}) 19. Qh3 h6 20.
Qc8+ Bf8 21. f4 $5 Qa6 22. Qg4 hxg5 23. Qxg5 Qc4 24. f5 Qxe4 25. Rbf2 Nd7 26.
Rf4 Qe5 27. Qxg6+ Rg7 28. Qc6 Rd8 $15 {1-0 Shulman,Y-Yandemirov,V/Minsk 1994 
(32)}) 14... exd5 (14... Re8 15. Bb2 exd5 16. Bxg7 Kxg7 17. cxd5 Bxe2 18. Qxe2
f6 {[%cal Yb8d7,Yd7e5]} 19. e5 fxe5 20. Ng5 (20. Nxe5 $5 {[%cal Yf2f4]}) 20...
Kg8 21. f4 exf4 22. Qc4 Qf5 23. d6+ Kh8 24. Qc3+ Kg8 25. Qc4+ Kh8 26. Qc3+ Kg8
27. Qc4+ {1/2-1/2 Wells,P-Ruck,R/Honved-B 1997}) 15. cxd5 {A typical situation
stressing the whole idea of the Gruenfeld defense: White has a pawn (now
two-pawn!) advantage in the centre, against which Black is fighting with his
pieces; Black, on the other hand, has a queenside pawn advantage. The latter
can easier be used in the endgame; therefore, the exchange of queens is
generally favourable for Black. However, in the present situation White
needn't exchange the queens and maintains the better chances.} Bxe2 16. Qxe2
Qa6 17. Qc2 {See previous comment.} Nd7 18. Re1 {As this move didn't bring
White any advantage in the present game,} (18. Bg5 {should be paid more
attention to. Here are two examples:} Rfe8 19. d6 $5 {[%cal Yg5e7] A typical
idea to upset the co-ordination of Black's pieces.} (19. Rbd1 b5 20. Rfe1 c4
21. h4 Nc5 22. d6 Nd3 $2 (22... Qb7) 23. Rxd3 cxd3 24. Qxd3 Qxa2 25. d7 Red8
26. Bxd8 Rxd8 27. Qxb5 Qe6 28. Rd1 a6 (28... Qxe4 $2 29. Re1) 29. Qa4 {1-0
Vera,R-Morovic Fernandez,I/Linares MEX 1994 (37)}) 19... Re6 20. Be7 Re8 $6 (
20... h6) 21. Ng5 R6xe7 22. dxe7 Rxe7 23. f4 Bd4+ 24. Kh1 Nf6 25. e5 Nd5 26.
Ne4 $1 Ne3 27. Nf6+ Kg7 28. Qe4 Qb7 29. Qxb7 Rxb7 30. Rf3 $16 {1-0 Sakaev,
K-Zilberstein,V/St.Petersburg op 1995 (41)}) 18... Rfe8 19. Bf4 b5 (19... c4 $5
20. e5 Nc5 21. Bg3 b5 22. Re2 Qa4 23. Qc3 Rad8 24. Qd4 Ne6 25. Qe4 Nc5 26. Qd4
Ne6 27. Qe4 {1/2-1/2 Lugovoi,A-Sarno,S/Open 1999}) 20. e5 {According to Y.
Shulman, this move gives White an advantage unlike} (20. Qb3 b4 21. e5 Nb6 22.
d6 Qa4 23. Qxa4 Nxa4 24. Rbc1 a5 25. Rc4 Nb2 26. Rce4 Nd3 27. Rd1 f5 28. Rc4
Nxf4 29. Rxf4 Bxe5 30. Rc4 Bf6 31. Rxc5 a4 32. d7 Red8 33. Ne5 b3 34. axb3 axb3
35. f4 b2 36. Rb5 Ra1 37. Rf1 Rxd7 38. Rxb2 Bxe5 39. fxe5 Rxf1+ {1/2-1/2
Shneider,A-Tseshkovsky,V/St.Petersburg op 1993}) {However, V.Yandemirov easily
obtains equality.} 20... c4 {[%cal Yd7c5,Yc5d3]} 21. Qd2 (21. Qb2 Nc5 22. Qxb5
Qxb5 23. Rxb5 Nd3 24. Re4 c3 $132) 21... Nc5 22. Nd4 {White must go for a
forced line leading to simplifications.} Nd3 23. Nxb5 $1 Nxe1 24. Nc7 c3 $1 25.
Qxe1 (25. Qxc3 $6 Qa4) 25... Qc4 26. Nxe8 Rxe8 27. g3 (27. g3 Qxd5 (27... c2
28. Rc1 g5 $6 29. Be3 $1 Rxe5 30. Qd2 $14 {[%csl Ra7,Rg5]}) 28. Qxc3 Bxe5 $11)
1/2-1/2

[Event "Petrov Memorial op"]
[Site "St Petersburg"]
[Date "2000.02.14"]
[Round "7"]
[White "Selin, Oleg"]
[Black "Yandemirov, Valeri"]
[Result "0-1"]
[WhiteElo "2327"]
[BlackElo "2472"]
[Annotator "Krasenkow,M"]
[PlyCount "150"]
[EventDate "2000.02.05"]
[EventType "swiss"]
[EventRounds "9"]
[EventCountry "RUS"]
[SourceTitle "CBM 076"]
[Source "ChessBase"]
[SourceDate "2000.05.31"]
[SourceVersion "1"]
[SourceVersionDate "2000.05.31"]
[SourceQuality "1"]

1. d4 Nf6 2. c4 g6 3. Nc3 d5 4. cxd5 Nxd5 5. e4 Nxc3 6. bxc3 Bg7 7. Nf3 c5 8.
Rb1 O-O 9. Be2 Nc6 10. d5 Ne5 11. Nxe5 Bxe5 12. Qd2 e6 13. f4 Bc7 14. O-O exd5
15. exd5 Ba5 16. Rb5 {The other options (chiefly} (16. d6) {)have been
discussed in the previous issues of CBM. The text move is quite a radical
measure: White sacrifices an exchange to get rid of the annoying black bishop
and comfortably seize the a1-h8 diagonal.} 16... b6 17. Rxa5 bxa5 18. c4 {
[%csl Rc5][%cal Yc1b2,Yc1a3,Ra1h8,Ga3c5]} Qd6 ({Black can try to give back the
material at once but White needn't accept it:} 18... Rb8 19. Bb2 $5 (19. Ba3
$143 Rb4 20. Bxb4 axb4 21. Bd1 Re8 22. Ba4 Bd7 23. Bxd7 Qxd7 24. Qf2 Qe7 25.
Rd1 Qd6 26. g3 a5 27. Qc2 Qd7 28. d6 a4 29. Qf2 b3 30. axb3 axb3 31. Qxc5 Re2 {
Ernst,S-Van Beek,L/Groningen op 1999/0-1 (63)})) 19. Bb2 f6 20. g4 $1 {[%cal
Yg4g5] White prepares to open up the diagonal.} Bd7 ({The following game shows
White's plans very well:} 20... Rb8 21. Ba1 Re8 22. Bf3 Rb4 23. Rc1 Ba6 24. g5
Rxc4 25. Rxc4 Bxc4 26. Bxf6 {The obstacle has been eliminated; now White must
put his bishop behind his queen} a4 27. Kf2 Qd7 28. Kg3 a3 29. Ba1 $1 {[%cal
Gd2c3]} Bf1 30. Bg4 Qb5 31. d6 Qd3+ 32. Qxd3 Bxd3 33. d7 Rb8 34. Be6+ Kf8 35.
Bf6 c4 36. d8=Q+ Rxd8 37. Bxd8 c3 38. Ba5 c2 39. Bb4+ {1-0 Kiriakov,P-Sowray,P/
Challengers 1998}) 21. g5 Rae8 $1 {The right plan: Black must control the
centre. He is ready to give back the exchange.} 22. Bxf6 {This enables Black
to return the exchange and obtain a good position.} (22. gxf6 $5) 22... Rxf6 $1
23. gxf6 Qxf6 24. Bf3 a4 {Both sides have weak pawns but Black's control of
the e-file defines his small advantage.} 25. d6 (25. Rb1 $5) 25... Kg7 26. Qd5
$6 {A wrong idea. The queen should remain at its defensive position and the
rook should be activated. Besides, the f4 pawn, which protects the white king,
should not be given up. Now the king is in geopardy.} (26. Rb1 $142 Bf5 27.
Rb7+ Kh6 $13 {[%csl Rd6][%cal Ye8d8]}) 26... Qxf4 27. Qxc5 Bh3 $6 {An obvious
move but hardly the best one!} (27... Re6 $5 {was probably better, to get rid
of the d6 pawn.}) 28. Bg2 (28. Qxa7+ Kh6 29. d7 Rf8) 28... Qg4 29. Qf2 {
Unfortunately, the queen can't take the a7 pawn on its way:} (29. Qxa7+ Kh6 30.
Qf2 Re2) 29... Bxg2 30. Qxg2 (30. Qb2+ $1 {was more precise as the black king
is placed better on g7 than on g8 or h6.}) 30... Qxc4 {Black has just a double
extra pawn but the white king is unsafe. Still, White has sufficient
counterplay, thanks to his strong d6 pawn.} 31. Kh1 (31. Rd1 {deserved serious
attention, e.g.} Re2 32. Qb7+ $1 {see annotation to move 30} Kh6 33. Qf3 Qc5+
34. Kf1 $1 ({or} 34. Kh1 Qe5 35. Qh3+ $11) 34... Re5 35. Qf4+ Kg7 36. Qd4 $11)
31... Re5 32. d7 $2 (32. Rd1 {was a must now. After the text move White just
loses his passed pawn.}) 32... Qd5 33. Qxd5 Rxd5 34. Rf4 Rxd7 35. Rxa4 {
The endgame should be winning for Black although not without technical
problems.} Kf6 {Black's king goes to the other side to support his a-pawn and
free his rook.} 36. Kg2 Ke5 37. Kg3 Kd5 38. Kg4 Kc5 39. h4 Kb5 (39... Rd4+ $2
40. Rxd4 Kxd4 41. Kg5) 40. Rf4 a5 41. a4+ Kc5 42. Kg5 ({After} 42. h5 $2 Rd4 {
is already possible.}) 42... Rb7 43. Re4 Kd5 44. Rf4 Rb1 (44... Rb4 {is not
good because of} 45. Rf7 h6+ 46. Kxg6 $1 {but Black is ready to play 45...Rb4
after 45.Kh6?}) 45. h5 (45. Rf7 $2 {is now poor in view of} Rg1+ 46. Kh6 Rg4)
45... Kc5 (45... Rb4 46. hxg6 hxg6 ({but not} 46... Rxf4 $4 47. g7 {promoting
the pawn with a check!}) 47. Rf1 Rxa4 {was quite enough to win}) 46. hxg6 Rg1+
47. Kf5 hxg6+ 48. Ke4 Re1+ (48... g5 $19 {was winning at once. Were both
players still blitzing after passing the first time control?}) 49. Kd3 Re5 50.
Rc4+ Kd5 51. Rc8 Ke6 $6 {Illogical. Having said "a" (49...Re5), one should say
"b"} (51... g5) {Such an arrangement (with the rook protecting both pawns) is
usually the best one for the part having an extra pawn.} 52. Kd4 Rh5 53. Rc6+
Kf7 54. Ke4 Rf5 $6 ({I am not sure whether} 54... Rh4+ 55. Ke5 Rxa4 56. Rc7+
Ke8 57. Ra7 {is winning for Black but after the text move it is probably not.})
55. Rb6 Kg7 56. Ra6 Kh6 57. Kd3 Kh5 58. Ke4 Kg5 (58... Rc5 59. Kd4 Rg5 60. Ke3
$1 Rf5 61. Ke4 Rg5 62. Ke3 $1 Kh4 63. Ke4) 59. Ke3 Rc5 60. Kf3 $4 {Cutting off
his own king, after which Black wins easily.} ({After} 60. Kd4 Rf5 61. Ke3 {
I don't see the win for Black.}) 60... Re5 61. Kg3 Kf5 62. Ra8 Ke4 63. Ra6 g5 {
At last!} 64. Kg4 Kd4 65. Rc6 Rc5 66. Rd6+ Kc3 67. Rb6 Rc4+ 68. Kf3 Rxa4 69.
Ke3 Rb4 70. Rc6+ Rc4 71. Ra6 a4 72. Ra8 g4 73. Ra7 Kc2 74. Kf2 Kb3 75. Ke2 a3
0-1